[Event "Prague Summer op 7th"]
[Site "Prague"]
[Date "2020.08.15"]
[Round "9"]
[White "Malassagne, Isabelle"]
[Black "Schernthaner, David"]
[Result "1/2-1/2"]
[WhiteElo "2017"]
[BlackElo "2215"]
[PlyCount "57"]
[EventDate "2020.08.08"]
[EventType "swiss"]
[EventRounds "9"]
[EventCountry "CZE"]
[SourceTitle "CBM 197 Extra"]
[Source "ChessBase"]
[SourceDate "2020.09.30"]
[SourceVersion "1"]
[SourceVersionDate "2020.09.30"]
[SourceQuality "1"]

1. d4 Nf6 2. c4 g6 3. Nc3 d5 4. Nf3 Bg7 5. h4 dxc4 6. e4 c5 7. d5 b5 8. e5 Ng4 9. Nxb5 a6 10. Nc3 Nxe5 11. Nxe5 Bxe5 12. Bxc4 Nd7 13. Bh6 Nb6 14. Qe2 Nxc4 15. Qxc4 Qb6 16. 0-0 Qxb2 17. Rac1 Qb4 18. Ne4 Qxc4 19. Rxc4 Bd7 20. Rxc5 Bb5 21. Re1 Kd7 22. Ng5 Bd6 23. Rcc1 f6 24. Nf7 Rhc8 25. Nxd6 Rxc1 26. Bxc1 exd6 27. Ba3 Re8 28. Rxe8 Kxe8 29. Bxd6 1/2-1/2

[Event "Ghent Eastman op 42nd"]
[Site "Ghent"]
[Date "2019.07.21"]
[Round "3"]
[White "Malassagne, Isabelle"]
[Black "Hennipman, Rene"]
[Result "1-0"]
[WhiteElo "2068"]
[BlackElo "2191"]
[PlyCount "63"]
[EventDate "2019.07.20"]
[EventType "swiss"]
[EventRounds "9"]
[EventCountry "BEL"]
[SourceTitle "CBM 191 Extra"]
[Source "ChessBase"]
[SourceDate "2019.09.30"]
[SourceVersion "1"]
[SourceVersionDate "2019.09.30"]
[SourceQuality "1"]

1. d4 Nf6 2. c4 e6 3. Nf3 Bb4+ 4. Bd2 Qe7 5. a3 Bxd2+ 6. Qxd2 b6 7. Nc3 0-0 8. e3 Bb7 9. Be2 d6 10. 0-0 Nbd7 11. Rad1 Ne4 12. Nxe4 Bxe4 13. Ne1 f5 14. d5 f4 15. exf4 e5 16. fxe5 Nxe5 17. f4 Nd7 18. Nf3 Bxf3 19. Bxf3 a5 20. b4 Nf6 21. Rde1 Qd7 22. Qc3 axb4 23. axb4 Rfe8 24. Re6 Re7 25. Rfe1 Rae8 26. f5 Rf7 27. Bh5 Nxh5 28. Rxe8+ Rf8 29. Rxf8+ Kxf8 30. Qe3 Nf6 31. Qe6 Qxe6 32. fxe6 1-0

[Event "FRA-ch (Women)"]
[Site "Agen"]
[Date "2017.08.27"]
[Round "9"]
[White "Malassagne, Isabelle"]
[Black "Benmesbah, Natacha"]
[Result "0-1"]
[WhiteElo "2061"]
[BlackElo "2271"]
[PlyCount "114"]
[EventDate "2017.08.19"]
[EventType "tourn"]
[EventRounds "9"]
[EventCountry "FRA"]
[SourceTitle "CBM 180 Extra"]
[Source "ChessBase"]
[SourceDate "2017.10.06"]
[SourceVersion "1"]
[SourceVersionDate "2017.10.06"]
[SourceQuality "1"]

1. d4 Nf6 2. c4 c5 3. d5 e6 4. Nc3 exd5 5. cxd5 d6 6. e4 g6 7. f4 Qe7 8. Bb5+ Nbd7 9. Qe2 a6 10. Bxd7+ Nxd7 11. Nf3 Bg7 12. 0-0 0-0 13. Rd1 Re8 14. a4 Bxc3 15. bxc3 Qxe4 16. Qf2 Qe2 17. Qxe2 Rxe2 18. f5 Nf6 19. fxg6 hxg6 20. Bf4 Ne4 21. Re1 Nxc3 22. Bxd6 Bf5 23. Bxc5 Rc8 24. Bd4 Rxe1+ 25. Rxe1 Nxd5 26. Kf2 f6 27. a5 Nf4 28. Rd1 Kf7 29. h3 g5 30. Be3 Nd3+ 31. Kg1 Nb2 32. Ra1 Nc4 33. Bf2 Nd6 34. Nd4 Be4 35. Nb3 Rc3 36. Nc5 Bc6 37. Rd1 Ne4 38. Nxe4 Bxe4 39. Rd2 Ke6 40. Bb6 f5 41. Bd8 g4 42. hxg4 fxg4 43. Re2 Kf5 44. Rf2+ Kg6 45. Kf1 g3 46. Rd2 Re3 47. Rd1 Bd3+ 48. Kg1 Re2 49. Bc7 Be4 50. Kf1 Rf2+ 51. Ke1 Rxg2 52. Rd8 Rg1+ 53. Ke2 g2 54. Rg8+ Kf7 55. Rg3 Rb1 56. Bb6 Ke6 57. Ke3 Ke5 0-1

[Event "FRA-ch (Women)"]
[Site "Agen"]
[Date "2017.08.25"]
[Round "7"]
[White "Malassagne, Isabelle"]
[Black "Navrotescu, Andreea Cristiana"]
[Result "1/2-1/2"]
[WhiteElo "2061"]
[BlackElo "2150"]
[PlyCount "79"]
[EventDate "2017.08.19"]
[EventType "tourn"]
[EventRounds "9"]
[EventCountry "FRA"]
[SourceTitle "CBM 180 Extra"]
[Source "ChessBase"]
[SourceDate "2017.10.06"]
[SourceVersion "1"]
[SourceVersionDate "2017.10.06"]
[SourceQuality "1"]

1. d4 Nf6 2. c4 g6 3. g3 Bg7 4. Bg2 d5 5. cxd5 Nxd5 6. e4 Nb6 7. Ne2 e5 8. d5 c6 9. 0-0 0-0 10. Nbc3 f5 11. exf5 gxf5 12. Be3 e4 13. dxc6 Qxd1 14. Raxd1 Nxc6 15. Bc5 Rf7 16. f3 exf3 17. Bxf3 Be6 18. Rd6 Bf8 19. Rxe6 Bxc5+ 20. Kg2 Re7 21. Rxe7 Nxe7 22. Bxb7 Rb8 23. Ba6 Kg7 24. Nf4 Kf6 25. Re1 Bb4 26. Re6+ Kf7 27. Re3 Kf6 28. a3 Bxc3 29. Rxc3 Na4 30. Rc2 Rxb2 31. Rxb2 Nxb2 32. Kf3 Nc6 33. Ke3 Nd1+ 34. Ke2 Nc3+ 35. Ke3 Ke5 36. Nd3+ Kf6 37. Nf4 Ke5 38. Nd3+ Kf6 39. Nf4 Ke5 40. Nd3+ 1/2-1/2

[Event "FRA-ch (Women)"]
[Site "Agen"]
[Date "2017.08.24"]
[Round "6"]
[White "Maisuradze, Nino"]
[Black "Malassagne, Isabelle"]
[Result "0-1"]
[WhiteElo "2280"]
[BlackElo "2061"]
[PlyCount "82"]
[EventDate "2017.08.19"]
[EventType "tourn"]
[EventRounds "9"]
[EventCountry "FRA"]
[SourceTitle "CBM 180 Extra"]
[Source "ChessBase"]
[SourceDate "2017.10.06"]
[SourceVersion "1"]
[SourceVersionDate "2017.10.06"]
[SourceQuality "1"]

1. d4 Nf6 2. Bf4 g6 3. Nc3 d5 4. Qd2 c6 5. f3 Nbd7 6. e4 dxe4 7. fxe4 Bg7 8. Nf3 0-0 9. Bd3 Nh5 10. Bh6 c5 11. d5 a6 12. Bxg7 Kxg7 13. e5 f5 14. 0-0-0 b5 15. Be2 b4 16. Nb1 f4 17. g4 fxg3 18. hxg3 Qc7 19. Rxh5 gxh5 20. Qg5+ Kh8 21. Qxe7 Qd8 22. Qd6 Qb6 23. Qxb6 Nxb6 24. e6 Nxd5 25. Rxd5 Bxe6 26. Rxc5 Bg4 27. Nbd2 Rae8 28. Kd1 Re3 29. Rc4 Rfe8 30. Rxg4 hxg4 31. Nd4 Rxg3 32. Ke1 h5 33. Kf2 h4 34. Nf5 Rf8 35. Bd3 Rxd3 36. cxd3 Rxf5+ 37. Kg2 Rd5 38. Ne4 Rxd3 39. b3 Kg7 40. Kg1 Kg6 41. Nf2 Rd4 0-1

[Event "Andorra op 34th"]
[Site "Escaldes"]
[Date "2016.08.06"]
[Round "4"]
[White "Malassagne, Isabelle"]
[Black "Jerez Perez, Alfonso"]
[Result "0-1"]
[WhiteElo "2140"]
[BlackElo "2386"]
[PlyCount "94"]
[EventDate "2016.08.03"]
[EventType "swiss"]
[EventRounds "9"]
[EventCountry "AND"]
[SourceTitle "CBM 173 Extra"]
[Source "ChessBase"]
[SourceDate "2016.08.29"]
[SourceVersion "1"]
[SourceVersionDate "2016.08.29"]
[SourceQuality "1"]

1. e4 Nc6 2. Nf3 d6 3. Bc4 Nf6 4. Nc3 Bg4 5. h3 Bh5 6. g4 Bg6 7. d3 e6 8. Bg5 Be7 9. Qd2 h6 10. Be3 a6 11. Bb3 Na5 12. 0-0-0 Nxb3+ 13. axb3 Qd7 14. e5 Nd5 15. Nxd5 exd5 16. exd6 Bxd6 17. Bd4 0-0 18. Kb1 c5 19. Be5 a5 20. Bxd6 Qxd6 21. Nh4 a4 22. Nf5 Bxf5 23. gxf5 a3 24. Rhg1 axb2 25. Kxb2 Qf6+ 26. d4 Ra6 27. Ra1 Rxa1 28. Rxa1 cxd4 29. Qd3 Re8 30. Ra7 b6 31. Ra4 Re4 32. f3 Rf4 33. Ra8+ Kh7 34. Ra4 h5 35. Ka2 Qxf5 36. Rxd4 Rxf3 37. Qd1 Rf1 38. Rxd5 Rxd1 39. Rxf5 Kg6 40. Rb5 Rd6 41. h4 f6 42. c4 Kh6 43. c5 bxc5 44. Rxc5 g5 45. hxg5+ fxg5 46. b4 h4 47. b5 Kh5 0-1

[Event "Andorra op 34th"]
[Site "Escaldes"]
[Date "2016.08.04"]
[Round "2"]
[White "Malassagne, Isabelle"]
[Black "Kogan, Artur"]
[Result "1/2-1/2"]
[WhiteElo "2140"]
[BlackElo "2530"]
[PlyCount "215"]
[EventDate "2016.08.03"]
[EventType "swiss"]
[EventRounds "9"]
[EventCountry "AND"]
[SourceTitle "CBM 173 Extra"]
[Source "ChessBase"]
[SourceDate "2016.08.29"]
[SourceVersion "1"]
[SourceVersionDate "2016.08.29"]
[SourceQuality "1"]

1. e4 e6 2. d4 d5 3. Nc3 Bb4 4. e5 c5 5. a3 Bxc3+ 6. bxc3 Qa5 7. Bd2 Qa4 8. Qb1 c4 9. h4 f6 10. Qd1 Nc6 11. h5 fxe5 12. Qg4 Nge7 13. Qxg7 Rg8 14. Qxh7 Bd7 15. Nf3 exd4 16. Nxd4 0-0-0 17. Nxc6 Nxc6 18. h6 Rdf8 19. Rh5 Qb5 20. 0-0-0 Qc5 21. Kb2 Qb6+ 22. Ka2 Qxf2 23. Rh3 Rh8 24. Qg7 Rfg8 25. Rf3 Qh4 26. Qf6 Qe4 27. Kb2 e5 28. Re1 Qh7 29. Qf7 e4 30. Qxh7 Rxh7 31. Rf6 Ne5 32. Bf4 Nf7 33. Be2 Rxg2 34. Bh5 Nd8 35. Bg6 Rh8 36. Bf5 Rf2 37. Bxd7+ Kxd7 38. Rd6+ Ke7 39. Be5 Rh7 40. Rxd5 Rxh6 41. Bd4 Rg2 42. Rxe4+ Ne6 43. Rde5 Kd7 44. Re2 Rxe2 45. Rxe2 b6 46. a4 Kc6 47. Re5 a6 48. Ka3 Nd8 49. Rf5 Nb7 50. Rg5 Nd6 51. Kb2 Re6 52. a5 bxa5 53. Rxa5 Kb7 54. Rc5 Re2 55. Rd5 Nc8 56. Rh5 Re6 57. Ka3 Nd6 58. Kb2 Nb5 59. Rc5 Rc6 60. Rd5 Rc7 61. Bc5 Rf7 62. Bd4 Rh7 63. Rc5 Rc7 64. Rd5 Kc6 65. Rc5+ Kd6 66. Rxc7 Kxc7 67. Bg1 Kc6 68. Bf2 Kd5 69. Bb6 Ke4 70. Bd8 Ke3 71. Bg5+ Ke2 72. Bd8 Kd2 73. Bg5+ Kd1 74. Bd8 Na7 75. Bb6 Nc6 76. Bd4 Ne7 77. Bh8 Nd5 78. Bd4 Nf4 79. Be3 Ng2 80. Bf2 Kd2 81. Bg3 a5 82. Be5 Ne1 83. Ka3 Kxc2 84. Ka4 Nd3 85. Bg7 Nf4 86. Kxa5 Kb3 87. Kb5 Nd5 88. Kc5 Nxc3 89. Kd4 Nd1 90. Ke4 Kc2 91. Bh8 Kd2 92. Bg7 Nf2+ 93. Kf3 Nd3 94. Ke4 Ne1 95. Bh6+ Kc2 96. Bg7 Nd3 97. Bh8 Kb3 98. Ke3 Nc5 99. Kd2 Ne4+ 100. Kc1 Ng5 101. Kd2 Nf7 102. Bg7 Nd6 103. Bh8 Kb4 104. Kc2 Nf5 105. Kb2 Kc5 106. Kc3 Kd5 107. Bf6 Ng3 108. Bh8 1/2-1/2

[Event "Avoine op 31st"]
[Site "Avoine"]
[Date "2016.07.24"]
[Round "2"]
[White "Bujisho, Benjamin"]
[Black "Malassagne, Isabelle"]
[Result "1-0"]
[WhiteElo "2354"]
[BlackElo "2140"]
[PlyCount "111"]
[EventDate "2016.07.23"]
[EventType "swiss"]
[EventRounds "9"]
[EventCountry "FRA"]
[SourceTitle "CBM 173 Extra"]
[Source "ChessBase"]
[SourceDate "2016.08.29"]
[SourceVersion "1"]
[SourceVersionDate "2016.08.29"]
[SourceQuality "1"]

1. b3 e5 2. Bb2 Nc6 3. e3 Nf6 4. c4 Be7 5. d3 0-0 6. Nf3 Re8 7. Be2 d5 8. cxd5 Nxd5 9. a3 Bf8 10. Qc2 Nf6 11. Nbd2 Bf5 12. 0-0 Qe7 13. b4 a6 14. Rac1 Rad8 15. Rfd1 h6 16. h3 Qe6 17. Ne4 Bg6 18. Nxf6+ Qxf6 19. Qa4 Qe6 20. b5 axb5 21. Qxb5 Rd6 22. Nd2 Rb8 23. Ne4 Rd5 24. Qc4 Ra5 25. Qxe6 fxe6 26. Bf3 Kf7 27. Rc3 Rb5 28. Rd2 Ra8 29. Rdc2 Rd8 30. a4 Rb4 31. a5 Nxa5 32. Rxc7+ Kg8 33. R7c3 Nc6 34. Kh2 Rb5 35. Ba3 Bxa3 36. Rxa3 Bxe4 37. Bxe4 Ne7 38. Rca2 Nd5 39. Bg6 Nf6 40. Ra8 Rbd5 41. R2a7 Kf8 42. Rxd8+ Rxd8 43. Rxb7 Rd7 44. Rb8+ Ke7 45. g4 Rd8 46. Rb3 Nd5 47. h4 Rd7 48. g5 hxg5 49. hxg5 Rc7 50. Rb8 Kd6 51. Rf8 Kc5 52. Kg3 Nb4 53. Kg4 Ra7 54. Kh5 Nd5 55. Be4 Ne7 56. Rf7 1-0

[Event "Avoine op 30th"]
[Site "Avoine"]
[Date "2015.07.18"]
[Round "8"]
[White "Malassagne, Isabelle"]
[Black "Neau, Julien"]
[Result "1-0"]
[WhiteElo "2113"]
[BlackElo "1879"]
[PlyCount "69"]
[EventDate "2015.07.18"]
[EventType "swiss"]
[EventRounds "9"]
[EventCountry "FRA"]
[SourceTitle "EXT 2016"]
[Source "ChessBase"]
[SourceDate "2015.10.08"]
[SourceVersion "1"]
[SourceVersionDate "2015.10.08"]
[SourceQuality "1"]

1. e4 d6 2. d4 Nf6 3. Nc3 g6 4. Be3 c6 5. h3 b5 6. a3 Bg7 7. f4 0-0 8. Nf3 Nh5 9. g4 Ng3 10. Rg1 Nxf1 11. Rxf1 Nd7 12. Qd2 a5 13. Qf2 Bb7 14. f5 b4 15. Nd1 c5 16. d5 e6 17. dxe6 fxe6 18. Ng5 Bf6 19. Nxe6 Bh4 20. Nxd8 Bxf2+ 21. Nxf2 Rfxd8 22. Bf4 Ne5 23. Bxe5 dxe5 24. axb4 axb4 25. Rxa8 Rxa8 26. Kd2 Ra2 27. Rb1 c4 28. Ke3 Ba6 29. h4 c3 30. bxc3 bxc3 31. Rb8+ Kg7 32. Ra8 gxf5 33. gxf5 Ra1 34. Nd3 Ra4 35. Nc5 1-0

[Event "FRA-chT GpA (Women)"]
[Site "Montpellier"]
[Date "2015.05.10"]
[Round "7.1"]
[White "Frisk, Ellinor"]
[Black "Malassagne, Isabelle"]
[Result "0-1"]
[WhiteElo "2261"]
[BlackElo "2139"]
[PlyCount "110"]
[EventDate "2015.05.07"]
[EventType "team-tourn"]
[EventRounds "7"]
[EventCountry "FRA"]
[SourceTitle "CBM 166 Extra"]
[Source "ChessBase"]
[SourceDate "2015.06.18"]
[SourceVersion "1"]
[SourceVersionDate "2015.06.18"]
[SourceQuality "1"]
[WhiteTeam "Montpellier (W)"]
[BlackTeam "Clichy Echecs 92 (W)"]
[WhiteTeamCountry "FRA"]
[BlackTeamCountry "FRA"]

1. d4 Nf6 2. c4 g6 3. Nc3 d5 4. cxd5 Nxd5 5. Nf3 Bg7 6. Bg5 c5 7. Rc1 Nxc3 8. bxc3 Qa5 9. Qd2 Nd7 10. e3 Nf6 11. Bd3 0-0 12. 0-0 Rd8 13. Qb2 Be6 14. a3 c4 15. Be2 b5 16. Bxf6 exf6 17. Nd2 Rab8 18. e4 Bf8 19. Ra1 Qc7 20. Qc2 f5 21. e5 a5 22. Rfc1 Bh6 23. Rd1 b4 24. axb4 axb4 25. Ra4 b3 26. Qb2 Ra8 27. Rda1 Rxa4 28. Rxa4 Qc6 29. Rxc4 Bxc4 30. Nxc4 Qe4 31. Bf1 Qc2 32. Qa1 Qa2 33. Qe1 b2 34. Bd3 Rb8 35. Qb1 Qxb1+ 36. Bxb1 Bc1 37. Na3 Rb3 38. Nc2 Rxc3 39. Kf1 Rc8 40. Ke2 Ra8 41. Ne1 Ra1 42. Bc2 b1Q 43. Bxb1 Rxb1 44. Nd3 Bg5 45. f4 Bd8 46. d5 Rb5 47. d6 Kf8 48. Kd2 Ba5+ 49. Ke3 Bb6+ 50. Kd2 Bd4 51. Ne1 f6 52. e6 Bb6 53. Nd3 Rd5 54. d7 Ke7 55. Kc3 Kxe6 0-1

[Event "FRA-ch U18 Girls"]
[Site "Pau"]
[Date "2015.05.03"]
[Round "9"]
[White "Malassagne, Isabelle"]
[Black "Saiah, Anouk"]
[Result "0-1"]
[WhiteElo "2139"]
[BlackElo "1653"]
[PlyCount "100"]
[EventDate "2015.04.26"]
[EventType "swiss"]
[EventRounds "9"]
[EventCountry "FRA"]
[SourceTitle "CBM 166 Extra"]
[Source "ChessBase"]
[SourceDate "2015.06.18"]
[SourceVersion "1"]
[SourceVersionDate "2015.06.18"]
[SourceQuality "1"]

1. e4 e5 2. Nf3 Nc6 3. Bb5 a6 4. Ba4 Nf6 5. 0-0 b5 6. Bb3 Be7 7. d3 d6 8. a4 Bd7 9. c3 0-0 10. Nbd2 Na5 11. Bc2 c5 12. Re1 Re8 13. Nf1 Nc6 14. h3 Qc7 15. Ng3 d5 16. exd5 Nxd5 17. Bg5 f6 18. Bd2 Bf8 19. Nh2 Be6 20. Qf3 b4 21. Rac1 Qd7 22. h4 a5 23. h5 Kh8 24. Ne4 Qf7 25. Bb1 Rac8 26. Ng3 Qd7 27. Qd1 Nb6 28. Bc2 Qf7 29. Ra1 Red8 30. Be3 Nd5 31. Ne4 Nxe3 32. Rxe3 Rd7 33. Qe2 Rcd8 34. Rf3 Qxh5 35. Qe3 f5 36. Nd2 Bd5 37. Rh3 Qg6 38. Nhf3 f4 39. Qe2 Be6 40. d4 Qxc2 41. Ng5 Bxh3 42. gxh3 Qg6 43. Qg4 h6 44. h4 hxg5 45. Kg2 Rd6 46. Rh1 gxh4 47. Rxh4+ Kg8 48. Nf3 Qxg4+ 49. Rxg4 exd4 50. Rxf4 d3 0-1

[Event "FRA-ch U18 Girls"]
[Site "Pau"]
[Date "2015.04.27"]
[Round "4"]
[White "Malassagne, Isabelle"]
[Black "Imperor, Lorene"]
[Result "1-0"]
[WhiteElo "2139"]
[BlackElo "1891"]
[PlyCount "135"]
[EventDate "2015.04.26"]
[EventType "swiss"]
[EventRounds "9"]
[EventCountry "FRA"]
[SourceTitle "CBM 166 Extra"]
[Source "ChessBase"]
[SourceDate "2015.06.18"]
[SourceVersion "1"]
[SourceVersionDate "2015.06.18"]
[SourceQuality "1"]

1. d4 Nf6 2. c4 c5 3. d5 e6 4. Nc3 exd5 5. cxd5 d6 6. Nf3 g6 7. Bf4 Bg7 8. Qa4+ Bd7 9. Qb3 Na6 10. Nd2 0-0 11. Bxd6 Re8 12. e3 Bf5 13. Bxa6 Qxd6 14. Be2 Qe7 15. 0-0 a6 16. a4 Rad8 17. Rfe1 Bg4 18. Bc4 Qc7 19. a5 Bc8 20. Nf1 Ng4 21. h3 Ne5 22. f4 Nxc4 23. Qxc4 Qd6 24. Rad1 Bxc3 25. bxc3 Qc7 26. Qa2 g5 27. fxg5 Qe5 28. c4 Qxg5 29. Kh1 Re4 30. Qf2 Rxc4 31. e4 Re8 32. Rd3 Kf8 33. Rf3 Qg7 34. e5 Rd4 35. e6 Bxe6 36. dxe6 Re7 37. Rxf7+ Rxf7 38. Qxf7+ Qxf7 39. exf7 Ra4 40. Rb1 Kxf7 41. Rxb7+ Kg8 42. Rb8+ Kg7 43. Rb7+ Kg8 44. Nd2 h5 45. Rc7 Rd4 46. Nb3 Rd3 47. Nxc5 Ra3 48. Nb7 Rb3 49. Kg1 Rb5 50. Kf2 Kh8 51. Kf3 Kg8 52. Kf4 Kh8 53. Kf3 Kg8 54. Ke4 Kh8 55. g4 hxg4 56. hxg4 Kg8 57. Kf4 Kh8 58. Kg3 Kg8 59. Kh4 Rb1 60. Kg5 Rg1 61. Kf5 Kh8 62. g5 Kg8 63. Kg6 Kf8 64. Nd6 Re1 65. Rf7+ Kg8 66. Rf6 Re7 67. Nf5 Rh7 68. Nh6+ 1-0

[Event "FRA-ch U18 Girls"]
[Site "Pau"]
[Date "2015.04.26"]
[Round "1"]
[White "Guillaume, Ombeline"]
[Black "Malassagne, Isabelle"]
[Result "0-1"]
[WhiteElo "1633"]
[BlackElo "2139"]
[PlyCount "38"]
[EventDate "2015.04.26"]
[EventType "swiss"]
[EventRounds "9"]
[EventCountry "FRA"]
[SourceTitle "CBM 166 Extra"]
[Source "ChessBase"]
[SourceDate "2015.06.18"]
[SourceVersion "1"]
[SourceVersionDate "2015.06.18"]
[SourceQuality "1"]

1. d4 Nf6 2. c4 g6 3. Nc3 d5 4. cxd5 Nxd5 5. e4 Nxc3 6. bxc3 Bg7 7. Bc4 c5 8. Ne2 Nc6 9. Bb2 0-0 10. 0-0 Qc7 11. Qd2 b6 12. f4 e6 13. Bd3 Rd8 14. Qe3 f5 15. Rad1 Na5 16. c4 Ba6 17. Rc1 cxd4 18. Bxd4 Bxd4 19. Nxd4 Qc5 0-1

[Event "FRA-ch (Women)"]
[Site "Nimes"]
[Date "2014.08.17"]
[Round "1"]
[White "Safranska, Anda"]
[Black "Malassagne, Isabelle"]
[Result "1-0"]
[WhiteElo "2258"]
[BlackElo "2122"]
[PlyCount "85"]
[EventDate "2014.08.17"]
[EventType "tourn"]
[EventRounds "11"]
[EventCountry "FRA"]
[EventCategory "1"]
[SourceTitle "CBM 162 Extra"]
[Source "ChessBase"]
[SourceDate "2014.10.17"]
[SourceVersion "1"]
[SourceVersionDate "2014.10.17"]
[SourceQuality "1"]

1. e4 e5 2. Nf3 Nc6 3. Bb5 a6 4. Ba4 Nf6 5. d3 b5 6. Bb3 Be7 7. Nc3 d6 8. Nd5 0-0 9. c3 Na5 10. Nxe7+ Qxe7 11. Bc2 c5 12. 0-0 Be6 13. Ng5 d5 14. Nxe6 fxe6 15. Bg5 Nc6 16. exd5 exd5 17. Qe2 Qd7 18. a4 b4 19. a5 Qd6 20. Rfe1 bxc3 21. bxc3 Rae8 22. Bh4 d4 23. c4 Nb4 24. Ba4 Re6 25. Bg3 Qe7 26. f4 Qf7 27. fxe5 Nh5 28. Rf1 Nxg3 29. hxg3 Qe7 30. Rxf8+ Kxf8 31. Qe4 g6 32. Re1 Kg7 33. Kh2 Qc7 34. Re2 Qf7 35. g4 g5 36. Qf5 Qe7 37. Kg1 Kh8 38. Bd7 Rh6 39. e6 Kg8 40. Re5 Rg6 41. Rxc5 Kg7 42. Qe5+ Qf6 43. e7 1-0

[Event "Benasque op 34th"]
[Site "Benasque"]
[Date "2014.07.06"]
[Round "3"]
[White "Burmakin, Vladimir"]
[Black "Malassagne, Isabelle"]
[Result "1-0"]
[WhiteElo "2590"]
[BlackElo "2067"]
[PlyCount "77"]
[EventDate "2014.07.04"]
[EventType "swiss"]
[EventRounds "9"]
[EventCountry "ESP"]
[SourceTitle "CBM 161 Extra"]
[Source "ChessBase"]
[SourceDate "2014.08.29"]
[SourceVersion "1"]
[SourceVersionDate "2014.08.29"]
[SourceQuality "1"]

1. d4 Nf6 2. Nf3 g6 3. c3 Bg7 4. Bf4 0-0 5. e3 d5 6. Nbd2 b6 7. h3 Bb7 8. Be2 c5 9. 0-0 Nc6 10. Qb1 Nd7 11. Rd1 Qc8 12. Bh2 e5 13. dxe5 Ndxe5 14. Qc2 Rd8 15. Qa4 Qf5 16. Nxe5 Nxe5 17. Nf3 Nxf3+ 18. Bxf3 Qe6 19. Rd2 Bc6 20. Qb3 Qd7 21. Bf4 c4 22. Qd1 Qb7 23. Qc2 b5 24. Rad1 Bf6 25. g4 a5 26. g5 Be7 27. Rd4 f6 28. h4 Rd7 29. e4 dxe4 30. Rxd7 Bxd7 31. Qxe4 Qxe4 32. Bxe4 Bg4 33. f3 Bc5+ 34. Kh1 Re8 35. Bc6 Bh5 36. gxf6 Re2 37. Bd5+ Kf8 38. Bh6+ Ke8 39. f7+ 1-0

[Event "Lille Luce op 5th"]
[Site "Lille"]
[Date "2014.04.28"]
[Round "1"]
[White "Malassagne, Isabelle"]
[Black "Arizmendi Martinez, Julen Luis"]
[Result "0-1"]
[WhiteElo "2045"]
[BlackElo "2542"]
[PlyCount "56"]
[EventDate "2014.04.28"]
[EventType "swiss"]
[EventRounds "9"]
[EventCountry "FRA"]
[SourceTitle "CBM 160 Extra"]
[Source "ChessBase"]
[SourceDate "2014.07.01"]
[SourceVersion "1"]
[SourceVersionDate "2014.07.01"]
[SourceQuality "1"]

1. d4 Nf6 2. c4 e6 3. Nf3 d5 4. g3 Bb4+ 5. Bd2 Be7 6. Bg2 c6 7. 0-0 Nbd7 8. Qc2 a5 9. Rd1 b6 10. Nc3 Ba6 11. cxd5 cxd5 12. Bf4 Rc8 13. Qd2 b5 14. Rac1 Nb6 15. Ne5 b4 16. Nb1 Nc4 17. Nxc4 dxc4 18. e4 0-0 19. Qe3 Qb6 20. Qf3 Rfd8 21. Be3 Qb5 22. Nd2 c3 23. bxc3 bxc3 24. Nb3 Bb7 25. Qf4 Ba3 26. Nc5 c2 27. Re1 Bxc1 28. Rxc1 Rxc5 0-1

[Event "Wch U16 Girls"]
[Site "Al Ain"]
[Date "2013.12.27"]
[Round "10"]
[White "Golubeva, Marija"]
[Black "Malassagne, Isabelle"]
[Result "0-1"]
[WhiteElo "1825"]
[BlackElo "2043"]
[PlyCount "59"]
[EventDate "2013.12.18"]
[EventType "swiss"]
[EventRounds "11"]
[EventCountry "UAE"]
[SourceTitle "CBM 158 Extra"]
[Source "ChessBase"]
[SourceDate "2014.02.28"]
[SourceVersion "1"]
[SourceVersionDate "2014.02.28"]
[SourceQuality "1"]

1. e4 e5 2. Nf3 Nc6 3. Bb5 a6 4. Ba4 Nf6 5. 0-0 b5 6. Bb3 Bc5 7. d3 0-0 8. Bg5 h6 9. Bh4 d6 10. c3 g5 11. Bg3 Bg4 12. h3 Be6 13. Bc2 Bb6 14. d4 exd4 15. cxd4 Nb4 16. Nc3 Nxc2 17. Qxc2 b4 18. Ne2 Nh5 19. Rad1 Qc8 20. h4 g4 21. Ne1 f5 22. exf5 Rxf5 23. Qd2 Qf8 24. Qxb4 Re8 25. Nc2 Rb5 26. Qc3 Bxa2 27. Ne3 Bf7 28. b4 Nf6 29. Rb1 Qg7 30. Qc6 0-1

[Event "Wch U16 Girls"]
[Site "Al Ain"]
[Date "2013.12.23"]
[Round "7"]
[White "Patel, Yesim"]
[Black "Malassagne, Isabelle"]
[Result "1/2-1/2"]
[WhiteElo "1860"]
[BlackElo "2043"]
[PlyCount "63"]
[EventDate "2013.12.18"]
[EventType "swiss"]
[EventRounds "11"]
[EventCountry "UAE"]
[SourceTitle "CBM 158 Extra"]
[Source "ChessBase"]
[SourceDate "2014.02.28"]
[SourceVersion "1"]
[SourceVersionDate "2014.02.28"]
[SourceQuality "1"]

1. e4 e5 2. Nf3 Nc6 3. Bb5 a6 4. Ba4 Nf6 5. 0-0 Nxe4 6. Re1 Nc5 7. Nc3 Be7 8. Nd5 e4 9. Bxc6 dxc6 10. Nxe7 Qxe7 11. b4 Be6 12. Nd4 Qf6 13. Nxe6 Nxe6 14. Rb1 Qf5 15. Qe2 0-0-0 16. Qxe4 Qxe4 17. Rxe4 Nd4 18. Bb2 Nxc2 19. Bxg7 Rhe8 20. Rxe8 Rxe8 21. g3 Re4 22. Bc3 Ne1 23. Kf1 Nd3 24. f3 Re6 25. Bd4 h5 26. Be3 Ne5 27. Ke2 f5 28. Rc1 Ng6 29. Kf2 h4 30. Rc5 hxg3+ 31. hxg3 Ne7 32. Rc4 1/2-1/2

[Event "Wch U16 Girls"]
[Site "Al Ain"]
[Date "2013.12.21"]
[Round "5"]
[White "Fiadosenka, Rahneda"]
[Black "Malassagne, Isabelle"]
[Result "1/2-1/2"]
[WhiteElo "1845"]
[BlackElo "2043"]
[PlyCount "115"]
[EventDate "2013.12.18"]
[EventType "swiss"]
[EventRounds "11"]
[EventCountry "UAE"]
[SourceTitle "CBM 158 Extra"]
[Source "ChessBase"]
[SourceDate "2014.02.28"]
[SourceVersion "1"]
[SourceVersionDate "2014.02.28"]
[SourceQuality "1"]

1. d4 d5 2. Bg5 g6 3. Nf3 Bg7 4. Nc3 Nf6 5. e3 0-0 6. Bd3 c5 7. dxc5 Nbd7 8. 0-0 Nxc5 9. Nd4 Nce4 10. Nxe4 Nxe4 11. Bh4 Bd7 12. c3 Nc5 13. Be2 Re8 14. Nb3 Ba4 15. Bf3 Qb6 16. Qxd5 Bxb3 17. axb3 Rad8 18. Qc4 Nxb3 19. Bd5 Rxd5 20. Qxd5 Nxa1 21. Rxa1 Rd8 22. Qa2 Rd2 23. h3 Rxb2 24. Qxa7 Qxa7 25. Rxa7 Bxc3 26. Bxe7 Kg7 27. Bc5 Rb1+ 28. Kh2 b5 29. Rb7 b4 30. Rd7 b3 31. Bd4+ Bxd4 32. Rxd4 Kf6 33. Kg3 Ke6 34. Kf3 Rc1 35. Rb4 Rc3 36. Ke4 f5+ 37. Kd4 Rc2 38. Rxb3 Rxf2 39. Rb7 h5 40. Rb6+ Kf7 41. Rb7+ Kf6 42. Rb6+ Kg7 43. g4 hxg4 44. hxg4 fxg4 45. e4 Rf3 46. e5 g3 47. Rb1 g2 48. Rg1 Rg3 49. Ke4 g5 50. Kf5 Kf7 51. e6+ Ke7 52. Ke5 Re3+ 53. Kf5 Rg3 54. Ke5 Rb3 55. Kf5 Rb5+ 56. Kg6 Rb2 57. Kxg5 Kxe6 58. Kg4 1/2-1/2

[Event "FRA-chT U20"]
[Site "Marseille"]
[Date "2013.12.08"]
[Round "?"]
[White "Malassagne, Isabelle"]
[Black "Pigeat, Alexandre"]
[Result "1-0"]
[WhiteElo "2043"]
[BlackElo "2002"]
[PlyCount "63"]
[EventDate "2013.12.07"]
[EventType "team-match"]
[EventRounds "5"]
[EventCountry "FRA"]
[SourceTitle "EXT 2015"]
[Source "ChessBase"]
[SourceDate "2014.11.20"]
[SourceVersion "1"]
[SourceVersionDate "2014.11.20"]
[SourceQuality "1"]

1. d4 d5 2. c4 c6 3. Nf3 e6 4. Nc3 dxc4 5. a4 Bb4 6. g3 Nf6 7. Bg2 Nbd7 8. 0-0 0-0 9. Qc2 a5 10. e4 Bxc3 11. bxc3 h6 12. Rb1 b6 13. Ba3 Re8 14. Nd2 Ba6 15. Rfe1 Qc7 16. e5 Nd5 17. Ne4 b5 18. Nd6 Reb8 19. Bxd5 cxd5 20. axb5 Bc8 21. Re3 f5 22. exf6 Nxf6 23. Rf3 Qd8 24. b6 Rb7 25. Qg6 Rab8 26. Nxb7 Rxb7 27. Rxf6 Qxf6 28. Qe8+ Kh7 29. Qxc8 Qf5 30. Rb2 Qf7 31. Bc5 a4 32. Ra2 1-0